| 000 | 00860nam a22002297a 4500 | ||
|---|---|---|---|
| 999 |
_c8971 _d8971 |
||
| 003 | AR-CdUCM | ||
| 008 | 190327b ||||| |||| 00| 0 spa d | ||
| 040 |
_aMUNICIPALIDAD PROVINCIAL DEL CUSCO _cBIBLIOTECA MUNICIPAL DEL CUSCO |
||
| 041 | _h978-612-00-0665-8 | ||
| 082 |
_a658.40 / _bV71 |
||
| 100 |
_aVillafuerte Pezo, Ana Maria _911637 |
||
| 245 | _aFilosofía y práctica de la planificación para el desarrollo / | ||
| 260 |
_aCusco : _bTalls. Gráfs. de Alpha Servicios Gráficos, _c2011. |
||
| 300 |
_a105 paginas ; _bDiagramas, _c21 cm. |
||
| 505 | _aContenido :Acerca de la teoría de la planeación --Algunos métodos de planificación / | ||
| 650 |
_aPlanificación _96254 |
||
| 650 |
_aFolosofia _924881 |
||
| 650 |
_aPlanificación empresarial _924882 |
||
| 650 |
_aPlanificación estratégica _912711 |
||
| 942 |
_2ddc _cLIBROS |
||
| 945 | _arjall | ||